MARC details
| 000 -CABECERA |
| campo de control de longitud fija |
01783nam a2200301 a 4500 |
| 001 - NÚMERO DE CONTROL |
| campo de control |
000030516 |
| 005 - FECHA Y HORA DE LA ÚLTIMA TRANSACCIÓN |
| campo de control |
20211111112209.0 |
| 008 - DATOS DE LONGITUD FIJA--INFORMACIÓN GENERAL |
| campo de control de longitud fija |
090701s2011 dr r 001 0 spa d |
| 020 ## - NÚMERO INTERNACIONAL ESTÁNDAR DEL LIBRO |
| ISBN cancelado o inválido |
9945160486 |
| 040 ## - FUENTE DE LA CATALOGACIÓN |
| Centro catalogador/agencia de origen |
DO-SdBNP |
| Lengua de catalogación |
spa |
| Centro/agencia transcriptor |
BNPHU |
| 082 ## - NÚMERO DE LA CLASIFICACIÓN DECIMAL DEWEY |
| Número de clasificación |
460.7 |
| Número de documento/Ítem |
A475m, 2011 |
| 100 1# - ENTRADA PRINCIPAL--NOMBRE DE PERSONA |
| Nombre de persona |
Alvino Romero, Sonia, |
| Fechas asociadas al nombre |
1953- |
| 9 (RLIN) |
1226 |
| 245 10 - MENCIÓN DE TÍTULO |
| Título |
Manual práctico de redacción general / |
| Mención de responsabilidad, etc. |
Sonia Alvino Romero ; prólogo Nan Chevalier. |
| 250 ## - MENCIÓN DE EDICIÓN |
| Mención de edición |
5ª ed. corr. |
| 260 ## - PUBLICACIÓN, DISTRIBUCIÓN, ETC. |
| Lugar de publicación, distribución, etc. |
Santo Domingo : |
| Nombre del editor, distribuidor, etc. |
Búho, |
| Fecha de publicación, distribución, etc. |
2011. |
| 300 ## - DESCRIPCIÓN FÍSICA |
| Extensión |
201 p. ; |
| Dimensiones |
28 cm. |
| 500 ## - NOTA GENERAL |
| Nota general |
Incluye datos biográficos de la autora en la contracubierta. |
| 504 ## - NOTA DE BIBLIOGRAFÍA, ETC. |
| Nota de bibliografía, etc. |
Bibliografía : p. 199-201. |
| 505 0# - NOTA DE CONTENIDO CON FORMATO |
| Nota de contenido con formato |
Prólogo-- |
| Título |
Introducción -- |
| -- |
Primera unidad: |
| -- |
La comunicación: importancia para el ser humano -- |
| -- |
La lectura: |
| -- |
¿Entonces qué es la lectura?-- |
| -- |
Tipos de lectura -- |
| -- |
La expresión común y la expresión literaria -- |
| -- |
Niveles de lengua -- |
| -- |
¿Qué es redactar?-- |
| -- |
El estilo-- |
| -- |
El párrafo-- |
| -- |
El resumen y la síntesis -- |
| -- |
La acentuación -- |
| -- |
Las letras mayúsculas -- |
| -- |
Los signos de puntuación -- |
| -- |
Dudas lingüisticas -- |
| -- |
Segunda unidad: |
| -- |
Distintas formas de expresión -- |
| -- |
Tercera unidad: |
| -- |
Preliminares: la titulación, la bibliografía -- |
| -- |
Redacción de textos discursivos e informativos-- |
| -- |
La redacción periodística -- |
| -- |
La redacción publicitaria -- |
| Información miscelánea |
Apéndices -- |
| -- |
Bibliografía . |
| 650 #4 - PUNTO DE ACCESO ADICIONAL DE MATERIA--TÉRMINO DE MATERIA |
| Término de materia o nombre geográfico como elemento de entrada |
Español |
| Subdivisión general |
Enseñanza |
| 9 (RLIN) |
406 |
| 650 #4 - PUNTO DE ACCESO ADICIONAL DE MATERIA--TÉRMINO DE MATERIA |
| Término de materia o nombre geográfico como elemento de entrada |
Español |
| Subdivisión general |
Ejercicios de redacción |
| 9 (RLIN) |
522 |
| 650 #4 - PUNTO DE ACCESO ADICIONAL DE MATERIA--TÉRMINO DE MATERIA |
| Término de materia o nombre geográfico como elemento de entrada |
Español |
| Subdivisión general |
Ortografía |
| -- |
Enseñanza |
| 9 (RLIN) |
1228 |
| 650 #4 - PUNTO DE ACCESO ADICIONAL DE MATERIA--TÉRMINO DE MATERIA |
| Término de materia o nombre geográfico como elemento de entrada |
Español |
| Subdivisión general |
Escritura |
| -- |
Libros de texto |
| 9 (RLIN) |
1229 |
| 650 #4 - PUNTO DE ACCESO ADICIONAL DE MATERIA--TÉRMINO DE MATERIA |
| Término de materia o nombre geográfico como elemento de entrada |
Arte de escribir |
| Subdivisión general |
Manuales |
| 9 (RLIN) |
19637 |
| 650 #4 - PUNTO DE ACCESO ADICIONAL DE MATERIA--TÉRMINO DE MATERIA |
| Término de materia o nombre geográfico como elemento de entrada |
Preparación de manuscritos (arte de escribir) |
| 9 (RLIN) |
1230 |
| 700 12 - PUNTO DE ACCESO ADICIONAL--NOMBRE DE PERSONA |
| Nombre de persona |
Chevalier, Nan, |
| Fechas asociadas al nombre |
1965- |
| Término indicativo de función/relación |
pról. |
| 9 (RLIN) |
350 |
| 910 ## - DATOS DE OPCIÓN DEL USUARIO (OCLC) |
| Datos de opción del usuario |
Validado. Control de calidad. EMS |